[Event "GRE-chT 46th"]
[Site "Rio Achaia"]
[Date "2018.07.13"]
[Round "5.17"]
[White "Tzachristas, Georgios"]
[Black "Papanagiotou, Dimitrios"]
[Result "1-0"]
[WhiteElo "1191"]
[BlackElo "1031"]
[PlyCount "21"]
[EventDate "2018.07.10"]
[EventType "team"]
[EventRounds "7"]
[EventCountry "GRE"]
[SourceTitle "CBM 185 Extra"]
[Source "ChessBase"]
[SourceDate "2018.07.29"]
[SourceVersion "1"]
[SourceVersionDate "2018.07.29"]
[SourceQuality "1"]
[WhiteTeam "Ioannites Skakiston"]
[BlackTeam "Larissa"]
[WhiteTeamCountry "GRE"]
[BlackTeamCountry "GRE"]

1. e4 e5 2. Nf3 Nc6 3. Bc4 Bc5 4. c3 Nf6 5. d3 d5 6. exd5 Nxd5 7. Qb3 Na5 8. Qb5+ c6 9. Qxc5 Nxc4 10. dxc4 Ne7 11. 0-0 1-0

[Event "GRE-chT 46th"]
[Site "Rio Achaia"]
[Date "2018.07.11"]
[Round "2.17"]
[White "Papanagiotou, Dimitrios"]
[Black "Tsotras, Ioannis"]
[Result "0-1"]
[WhiteElo "1031"]
[BlackElo "1586"]
[PlyCount "100"]
[EventDate "2018.07.10"]
[EventType "team"]
[EventRounds "7"]
[EventCountry "GRE"]
[SourceTitle "CBM 185 Extra"]
[Source "ChessBase"]
[SourceDate "2018.07.29"]
[SourceVersion "1"]
[SourceVersionDate "2018.07.29"]
[SourceQuality "1"]
[WhiteTeam "Larissa"]
[BlackTeam "Evoiki EV"]
[WhiteTeamCountry "GRE"]
[BlackTeamCountry "GRE"]

1. e4 e5 2. Nf3 Nc6 3. Bc4 Bc5 4. Nc3 Nf6 5. d3 h6 6. Nd5 d6 7. Bd2 Nxd5 8. Bxd5 Ne7 9. Bc4 Ng6 10. Qe2 Qf6 11. Be3 Bg4 12. h3 Bxe3 13. Qxe3 Nf4 14. Rg1 Nxh3 15. gxh3 Bxf3 16. Rg3 Bh5 17. f3 g5 18. 0-0-0 Qe7 19. Rf1 a6 20. Qg1 b5 21. Bd5 Rb8 22. Bc6+ Kf8 23. Qg2 Rb6 24. Bd5 c6 25. Bb3 a5 26. a3 a4 27. Ba2 b4 28. Qg1 Rb7 29. axb4 Rxb4 30. Rf2 Qa7 31. c3 Rb7 32. Rfg2 Qxg1+ 33. Rxg1 Ke7 34. d4 f6 35. Rh1 Rhb8 36. Rh2 exd4 37. cxd4 Rb4 38. Rd2 Ra8 39. Rc2 Ra6 40. d5 c5 41. Bc4 a3 42. bxa3 Rxa3 43. Be2 Rbb3 44. h4 Bxf3 45. Rxf3 Rxf3 46. Bxf3 Rxf3 47. hxg5 fxg5 48. Rh2 Rf6 49. Kd2 g4 50. Ke2 g3 0-1